00480nam a22001337a 4500003000500000038001800005082000800023100002300031245014200054264003500196650002600231700003100257856005800288NUST aNusrat Nadeem a200 aGilani, Syed Hamza aA Computer Aided Diagnosis System based on Deep Learning for Cervical Cancer Classification From Colonoscopy images/cSyed Hamza Gilani,  aIslamabad:bSEECS NUST,c2026. aMS- Computer Science  aSupervisor: Dr. Sara Baber u http://10.250.8.41:8080/xmlui/handle/123456789/57678